Vector mechanics for engineers (Record no. 4856)

000 -LEADER
fixed length control field 00594nam a2200217 a 4500
001 - CONTROL NUMBER
control field 4856
003 - CONTROL NUMBER IDENTIFIER
control field BD-DhUET
008 - FIXED-LENGTH DATA ELEMENTS--GENERAL INFORMATION
fixed length control field 840307s1984 nyua 001 0 eng
020 ## - INTERNATIONAL STANDARD BOOK NUMBER
International Standard Book Number 0070044384
040 ## - CATALOGING SOURCE
Original cataloging agency DLC
Transcribing agency DLC
Modifying agency BD-DhUET
082 00 - DEWEY DECIMAL CLASSIFICATION NUMBER
Classification number 620.1
Item number BEE/1984
100 ## - MAIN ENTRY--PERSONAL NAME
Personal name Beer, Ferdinand P.
245 10 - TITLE STATEMENT
Title Vector mechanics for engineers
Remainder of title statics and dynamics
250 ## - EDITION STATEMENT
Edition statement 4th ed.
260 ## - PUBLICATION, DISTRIBUTION, ETC. (IMPRINT)
Place of publication, distribution, etc. New York
Name of publisher, distributor, etc. McGraw-Hill
Date of publication, distribution, etc. 1984
300 ## - PHYSICAL DESCRIPTION
Extent xxi, 926 p.
Other physical details ill.
Dimensions 24 cm.
504 ## - BIBLIOGRAPHY, ETC. NOTE
Bibliography, etc Includes bibliographies
650 #0 - SUBJECT ADDED ENTRY--TOPICAL TERM
Topical term or geographic name as entry element Engineering instruments
700 1# - ADDED ENTRY--PERSONAL NAME
Personal name Johnston, E. Russell
942 ## - ADDED ENTRY ELEMENTS (KOHA)
Koha item type General Book
Holdings
Shelving location Source of classification or shelving scheme Koha item type Damaged status Copy number Not for loan Withdrawn status Piece designation (barcode) Date acquired Location (home branch) Koha issues (times borrowed) Lost status Koha date last seen Sublocation or collection (holding branch) Koha full call number Koha normalized classification for sorting Price effective from Koha date last borrowed
Circulation section General Book 1  660512014-11-23Central Library, BUET  2015-12-08Central Library, BUET620.1/BEE/1984620_100000000000000_BEE_19842014-11-23 
Circulation section General Book 1  660422014-11-24Central Library, BUET2 2022-06-20Central Library, BUET620.1/BEE/1984620_000000000000000_1BEE19842014-11-242022-06-12
Circulation section General Book 1  660862014-11-29Central Library, BUET4 2023-06-07Central Library, BUET620.1/BEE/1984620_100000000000000_BEE_19842014-11-292023-01-10
Circulation section General Book 49  660442014-12-11Central Library, BUET1 2025-05-28Central Library, BUET620.1 /BEE/1984620_100000000000000_BEE_19842014-12-112025-04-30
Circulation section General Book 1  660122014-12-11Central Library, BUET  2015-02-23Central Library, BUET620.1/BEE/1984620_100000000000000_BEE_19842014-12-11 
Circulation section General Book 6  660432015-01-19Central Library, BUET  2015-12-22Central Library, BUET620.1/BEE/1984620_100000000000000_BEE_19842015-01-19 
Circulation section General Book 7  813362015-02-16Central Library, BUET1 2022-12-13Central Library, BUET620.1/BEE/1984620_100000000000000_BEE_19842015-02-162022-11-21
Circulation section General Book 1  660482015-04-01Central Library, BUET1 2018-04-30Central Library, BUET620.1/BEE/1984620_100000000000000_BEE_19842015-04-012018-04-18
Reading section Reading Item 9  660152015-06-21Central Library, BUET  2015-06-21Central Library, BUET620.1/BEE/1984620_100000000000000_BEE_19842015-06-21 
Reading section General Book 10  660142015-06-22Central Library, BUET  2015-06-22Central Library, BUET620.1/BEE/1984620_100000000000000_BEE_19842015-06-22 
Reading section General Book 11  660132015-06-22Central Library, BUET  2015-06-22Central Library, BUET620.1/BEE/1984620_100000000000000_BEE_19842015-06-22 
Reading section Reading Item 12  660952015-06-29Central Library, BUET  2015-06-29Central Library, BUET620.01/BEE/1984620_010000000000000_BEE_19842015-06-29 
Circulation section General Book 13  755022015-07-28Central Library, BUET  2015-07-28Central Library, BUET620.1/BEE/1984620_100000000000000_BEE_19842015-07-28